000 00642nam a2200241Ia 4500
003 OSt
005 20221007062356.0
006 a|||||r|||| 00| 0
007 ta
008 221006b |||||||| |||| 00| 0 eng d
024 _a2,589
037 _cTextual
040 _aFLL
_cFLL
_beng
041 _2eng
_aeng
082 _aZ2,2674, M3
100 _aIyengar Au.
_9682707
245 0 _aLaw of trade marks in india
250 _a4th
260 _aAllahabad
_bLaw Book Company India
_c1983
650 _aLaw of trade marks in india
_9682708
942 _hZ2,2674, M3
_cTEXL
_2CC
999 _c1128442
_d1128442